| Tag |
First Indicator |
Second Indicator |
Subfields |
| LEADER |
00000cam a2200000 4500 |
| 001 |
in00000052124 |
| 005 |
20151007080328.0 |
| 008 |
800423s1953 is h 00000 eng d |
| 035 |
|
|
|a (OCoLC)06238448
|
| 035 |
|
|
|9 AAF4624AM
|
| 040 |
|
|
|a TXA
|c TXA
|d UtOrBLW
|
| 049 |
|
|
|a TXAM
|c [235633]
|
| 090 |
|
|
|a BS715
|b 1953
|
| 092 |
|
|
|a 221
|b H446f 1884r
|
| 130 |
0 |
|
|a Bible.
|p Old Testament.
|l Hebrew.
|f 1884.
|
| 245 |
1 |
4 |
|a The Hebrew Bible :
|b with English translation /
|c edited by M. Friedlander; sanctioned by the Rabbinate.
|
| 264 |
|
1 |
|a Jerusalem :
|b Jerusalem Bible Publishing Co.,
|c [1953]
|
| 300 |
|
|
|a 1979 pages :
|b fascim.
|
| 336 |
|
|
|a text
|b txt
|2 rdacontent
|
| 337 |
|
|
|a unmediated
|b n
|2 rdamedia
|
| 338 |
|
|
|a volume
|b nc
|2 rdacarrier
|
| 630 |
0 |
0 |
|a Bible.
|p Old Testament.
|l Hebrew.
|f 1884.
|
| 700 |
1 |
|
|a Friedlander, M.
|
| 999 |
|
|
|a MARS
|
| 999 |
f |
f |
|s 8a2b83a8-3d3c-31e8-9034-85bb43a2757a
|i 174140f6-8ba0-30ba-bfc6-96283f3bbad1
|t 0
|
| 952 |
f |
f |
|p normal
|a Texas A&M University
|b College Station
|c Sterling C. Evans Library
|d Evans: Library Stacks
|t 0
|e BS715 1953
|h Library of Congress classification
|i unmediated -- volume
|m A14800602419
|
| 998 |
f |
f |
|a BS715 1953
|t 0
|l Evans: Library Stacks
|